[Event "Let's Play Chess!"]
[Site "http://www.queenalice.com/game.php?id=1870006"]
[Date "2026.3.9"]
[Round "-"]
[White "Capixaba789"]
[Black "alow_proton"]
[Result "1-0"]
[WhiteElo "1932"]
[BlackElo "2129"]

1. d4 d5 2. Nc3 Nf6 3. f4 e6 4. Nf3 c5 5. e3 a6 6. Be2 Nc6 7. O-O Be7 8. Ne5
cxd4 9. exd4 Qb6 10. Kh1 Qxd4 11. Qe1 Nxe5 12. fxe5 Qxe5 13. Bb5+ 1-0

[Event "Let's Play Chess!"]
[Site "http://www.queenalice.com/game.php?id=1870032"]
[Date "2026.3.9"]
[Round "-"]
[White "alow_proton"]
[Black "Capixaba789"]
[Result "1-0"]
[WhiteElo "2119"]
[BlackElo "1924"]

1. e4 Nf6 2. e5 Ng8 3. d4 e6 4. Nf3 d5 5. c4 Ne7 6. c5 Ng6 7. Be2 Be7 8. O-O c6
9. Nc3 b5 10. a3 a5 11. b3 Na6 12. Bd2 Bb7 13. Na2 O-O 14. a4 b4 15. Nc1 f6 16.
Nd3 f5 17. Nf4 Nxf4 18. Bxf4 g5 19. Bd2 Nc7 20. Bd3 Ne8 21. Ra2 Ng7 22. Kh1 g4
23. Ng1 Nh5 24. Bc1 Rf7 25. Ne2 Rg7 26. Bf4 Nxf4 27. Nxf4 Qd7 28. Rg1 Bg5 29.
Ne2 h5 30. f4 Bh6 31. Qf1 Qf7 32. Qf2 Rf8 33. Raa1 Qe7 34. g3 Rh7 35. Kg2 h4 36.
gxh4 Bg7 37. Rh1 Rxh4 38. Rag1 Rh3 39. Ng3 Qh4 40. Kf1 Bh8 41. Ke1 Rf7 42. Bf1
Rh7 43. Bxh3 Qxh3 44. Qg2 Qh6 45. Qf2 Bg7 46. Kd2 Bf8 47. Ke3 Be7 48. h3 gxh3
49. Nxf5+ 1-0